NBA Players With The Most 20+ Assist Games - Statistics

General Stats
  • This quiz has been taken 85 times
  • The average score is 6 of 10
Answer Stats
# of Times Player % Correct
4* Chris Paul
92%
34 John Stockton
85%
22 Magic Johnson
76%
8 Steve Nash
75%
8* Russell Westbrook
72%
7 Kevin Johnson
55%
9 Rajon Rondo
51%
9 Isaiah Thomas
41%
4* Trae Young
39%
6 Deron Williams
28%
No matching quizzes found
Score Distribution
Percent of People with Each Score
Percentile by Number Answered
Your Score History
You have not taken this quiz